Evaluación financiera de proyectos de inversión / (Registro nro. 8279)

Detalles MARC
000 -LEADER
fixed length control field 01238nam a2200241Ia 4500
003 - CONTROL NUMBER IDENTIFIER
control field OSt
005 - DATE AND TIME OF LATEST TRANSACTION
control field 20210810145752.0
008 - FIXED-LENGTH DATA ELEMENTS--GENERAL INFORMATION
fixed length control field 210310s1994 ck fr 000 0 spa d
040 ## - CATALOGING SOURCE
Original cataloging agency CO-JMCR
Transcribing agency CO-JMCR
041 0# - LANGUAGE CODE
Language code of text/sound track or separate title spa
082 04 - DEWEY DECIMAL CLASSIFICATION NUMBER
Classification number 332.6 /
Item number V868e
Edition number 23
100 1# - MAIN ENTRY--PERSONAL NAME
Personal name Vélez Pareja, Ignacio,
9 (RLIN) 12045
Relator term autor
245 10 - TITLE STATEMENT
Title Evaluación financiera de proyectos de inversión /
Statement of responsibility, etc. Ignacio Vélez Pareja
260 ## - PUBLICATION, DISTRIBUTION, ETC.
Place of publication, distribution, etc. Bogotá :
Name of publisher, distributor, etc. Ministerio de Trabajo y Seguridad Social : Superintendencia del Subsidio Familiar,
Date of publication, distribution, etc. 1994
300 ## - PHYSICAL DESCRIPTION
Extent 253 páginas ;
Dimensions 24 cm.
490 0# - SERIES STATEMENT
Series statement Documentos del Subsidio Familiar ;
Volume/sequential designation 9
504 ## - BIBLIOGRAPHY, ETC. NOTE
Bibliography, etc. note Bibliografía al final de algunos capítulos.
505 0# - FORMATTED CONTENTS NOTE
Formatted contents note El proceso de decisión -- Costos para la toma de decisiones -- La tasa de interés, matemáticas financieras -- Determinación de la tasa de descuento -- Inversiones y presupuesto de capital -- Construcción del flujo de caja de un proyecto. Evaluación de proyectos en inflación. Leasing -- Decisiones bajo certidumbre -- Análisis de inversiones bajo riesgo: simulación
650 14 - SUBJECT ADDED ENTRY--TOPICAL TERM
Topical term or geographic name entry element Inversiones de capital
9 (RLIN) 16830
General subdivision Evaluación
650 24 - SUBJECT ADDED ENTRY--TOPICAL TERM
Topical term or geographic name entry element Evaluación de proyectos
General subdivision Manuales
9 (RLIN) 39231
650 24 - SUBJECT ADDED ENTRY--TOPICAL TERM
Topical term or geographic name entry element Análisis de costos
9 (RLIN) 39232
942 ## - ADDED ENTRY ELEMENTS (KOHA)
Source of classification or shelving scheme Dewey Decimal Classification
Koha item type Books
Existencias
Withdrawn status Lost status Source of classification or shelving scheme Damaged status Not for loan Collection code Home library Current library Date acquired Source of acquisition Full call number Barcode Date last seen Copy number Koha item type
    Dewey Decimal Classification     Non-fiction Biblioteca Pública José María del Castillo y Rada Biblioteca Pública José María del Castillo y Rada 04/15/2018 Donación 332.6 / V868e 430002869 05/16/2024 Ej.1 Books